000 00506nam a2200193 i 4500
001 bg
100 1 _aCHMIELEWSKA, Bożenna
245 1 0 _aZagadnienia socjologii /
_cBożenna Chmielewska ; Wyższa Szkoła Pedagogiczna w Słupsku.
250 _a[Wyd. 2].
260 _aSłupsk :
_bWSP,
_c1995.
300 _a99 s. ;
_c21 cm.
504 _aBibliogr. s. 95-98.
650 9 _aSocjologia
040 _cBPK
041 0 _apol
080 _a316
942 _cKS
008 s pl f |000 0 pol
999 _c10374
_d10374
856 _uhttp://koha.tu.koszalin.pl/cgi-bin/koha/opac-detail.pl?biblionumber=10374
_yKatalog online BPK